000 00705cab a22002055a 4500
001 L151802
008 101213s2010 xxk 000 0 eng d
035 _a(Sirsi) u151802
041 0 _aeng
100 1 _aMorley, Stuart
245 0 0 _aSecondary property
_bfurther yield increases likely
260 _c2010
490 0 _aSustainablebuilding inc Propertyforecast
_v(46) October 2010, 14-15(2)
520 _aExamines the prospects of the hard-pressed secondary office market which will come under further pressure government spending cuts.
590 _aKA
651 4 _aUnited Kingdom
_y
690 _aPROPERTY-COMMERCIAL PROPERTY-COMMERCIAL PROPERTY MARKET
700 1 _aFrancis, Dan
942 _n0
999 _c82858
_d82858